Lo digo por tu bien : (Record no. 119585)
[ view plain ]
| 000 -LEADER | |
|---|---|
| fixed length control field | 00648cam a2200205 4500 |
| 008 - FIXED-LENGTH DATA ELEMENTS--GENERAL INFORMATION | |
| fixed length control field | 021211t20022002sp 000 0 spa u |
| 020 ## - INTERNATIONAL STANDARD BOOK NUMBER | |
| International Standard Book Number | 8449312450 |
| 100 1# - MAIN ENTRY--PERSONAL NAME | |
| Personal name | Tannen, Deborah |
| 245 13 - TITLE STATEMENT | |
| Title | Lo digo por tu bien : |
| Remainder of title | cómo la manera de comunicarnos influye en nuestras relacionales personales / |
| Statement of responsibility, etc | Deborah Tannen. |
| 260 ## - PUBLICATION, DISTRIBUTION, ETC. (IMPRINT) | |
| Place of publication, distribution, etc | Barcelona, España, |
| Name of publisher, distributor, etc | Paidós, |
| Date of publication, distribution, etc | 2002 |
| 300 ## - PHYSICAL DESCRIPTION | |
| Extent | 380 p. ; |
| Dimensions | 22 cm. |
| 506 ## - RESTRICTIONS ON ACCESS NOTE | |
| Terms governing access | FOMES 2001 |
| 504 ## - BIBLIOGRAPHY, ETC. NOTE | |
| Bibliography, etc | Bibliografía : p. 359-364 |
| 504 ## - BIBLIOGRAPHY, ETC. NOTE | |
| Bibliography, etc | Incluye índice |
| 650 #4 - SUBJECT ADDED ENTRY--TOPICAL TERM | |
| Topical term or geographic name as entry element | Conversación |
| 650 #4 - SUBJECT ADDED ENTRY--TOPICAL TERM | |
| Topical term or geographic name as entry element | Comunicación interpersonal |
| 942 ## - ADDED ENTRY ELEMENTS (KOHA) | |
| Source of classification or shelving scheme | Biblioteca del Cogreso de los Estados Unidos |
| Koha item type | Libro |
| Estado de pérdida | Fuente de clasificación | Estado del daño | No para préstamo | Ubicación permanente | Ubicación actual | Apartado o colección | Fecha de adquisición | Edición | Área del conocimiento | Clasificación | Código de Barras | Date last seen | Número de copia | Costo por reposición | Tipo de recurso |
|---|---|---|---|---|---|---|---|---|---|---|---|---|---|---|---|
| Biblioteca del Cogreso de los Estados Unidos | Biblioteca de la Unidad de Ciencias Ingeniería y Humanidades | Biblioteca de la Unidad de Ciencias Ingeniería y Humanidades | General | 11/11/2019 | 1a. ed. | Ciencias Sociales y Administrativas | HQ734 T36 2002 | BCU000008897 | 11/11/2019 | C:1 | 1.00 | Libro |